000 00718nam a2200205Ia 4500
005 20260121110002.0
008 008 260114s9999 xx 000 0 hin d
020 _a9788132381433
037 _aEBOOK
040 _aCRL
_bhin
_cCRL
041 _ahin
_2hin
084 _qCRL
100 _aविनीत चटर्जी / Vineet Chatterjee
_9940634
245 0 _aआनुवंशिकी की शाखाएँ और प्रमुख घटक / Anuvanshiki ki Shakhaayein aur Mukhya Ghatak
260 _bभाषा प्रकाशन / Bhasha Prakashan
_c2023
856 _uhttps://bhashaprakashan.com/product-details/436537
942 _cEBOOK
999 _c1532299
_d1532299